Największe miasta Rzeczypospolitej Obojga Narodów - Statystyki

Ogólne statystyki
  • Ten quiz został rozwiązany 5 702 razy
  • Średni wynik to 9 z 13
Statystyki odpowiedzi
Populacja Miasto % Poprawnych
1 861 599 Warszawa
100%
806 201 Kraków
98%
592 156 Wilno
95%
717 273 Lwów
92%
487 371 Gdańsk
91%
2 952 301 Kijów
91%
1 995 471 Mińsk
84%
538 439 Poznań
84%
652 015 Łódź
67%
620 974 Ryga
64%
489 584 Królewiec
34%
968 502 Dniepropetrowsk
18%
501 802 Homel
13%
Nie znaleziono quizów pasujących do podanych kryteriów
Rozkład punktacji
Procent ludzi z każdym wynikiem
Percentyl według liczby udzielonych odpowiedzi
Twoja historia wyników
Nie rozwiązałeś tego quizu